Normal view
MARC view
- السيوطي، ابي الفضل جلال الدين عبد الرحمن أبي بكر؛ شرح وتعليق سمير حسين حلبي
Entry Personal Name
001 - CONTROL NUMBER
- control field: 36557
003 - CONTROL NUMBER IDENTIFIER
- control field: JO-AjAnu
005 - DATE AND TIME OF LATEST TRANSACTION
- control field: 20230606080113.0
008 - FIXED-LENGTH DATA ELEMENTS
- fixed length control field: 230606|| aca||aabn | a|a d
040 ## - CATALOGING SOURCE
- Original cataloging agency: JO-AjAnu
- Transcribing agency: JO-AjAnu
100 ## - HEADING--PERSONAL NAME
- Personal name: السيوطي، ابي الفضل جلال الدين عبد الرحمن أبي بكر؛ شرح وتعليق سمير حسين حلبي
670 ## - SOURCE DATA FOUND
- Source citation: Work cat.: (JO-AjAnu)18767: السيوطي، ابي الفضل جلال الدين عبد الرحمن أبي بكر؛ شرح وتعليق سمير حسين حلبي, author, المهذب فيما وقع في القرآن من المعرب